000 00647nam a2200205 a 4500
001 000027561
005 20240306115517.0
008 090706s2004 dr 000 0 spa d
020 _a999347925x
040 _aDO-SdBNP
_bspa
_cBNPHU
082 _a027.4
_bH558b
100 1 _aHernández, P. Jesús
_95465
245 1 0 _aBiblioteca Antillense Salesiana (BAS) :
_bpuntualizaciones /
_cP. Jesús Hernández.
260 _aSanto Domingo :
_bEditora Búho,
_c2004.
300 _a97 p. ;
_c23 cm.
500 _aIncluye índice
610 2 0 _aBiblioteca Antillense Salesiana
_95466
650 4 _aBibliotecas
_zRepública Dominicana
_95467
049 _aBNPD
999 _c27053
_d27053